Housing policies in the socialist third world
Saved in:
| Other Authors: | |
|---|---|
| Format: | Book |
| Language: | English |
| Published: |
Munchen : London :
Profil Verlag;, Mansell,
|
| Subjects: | |
| Tags: |
Add Tag
No Tags, Be the first to tag this record!
|
MARC
| LEADER | 00000nam a2200000 i 4500 | ||
|---|---|---|---|
| 001 | 1/89421 | ||
| 008 | 990913s1990 eng d | ||
| 020 | |a 0-7201-2049-7 | ||
| 035 | |l 10052787 | ||
| 040 | |a GR-MY-UA |b gre |e aacr | ||
| 041 | 0 | |a eng | |
| 082 | 0 | |a 363.5091724 | |
| 245 | 1 | 0 | |a Housing policies in the socialist third world / |c edited by Kosta Mathey |
| 260 | |a Munchen : |a London : |b Profil Verlag;, |b Mansell, | ||
| 300 | |a 332 p. |b fig.; tabl. | ||
| 504 | |a Includes bibliographical references and index | ||
| 650 | 0 | 0 | |a Housing policy |z Developing countries |x Congresses. |
| 650 | 0 | 0 | |a Socialism |z Developing countries |x Congresses. |
| 700 | 1 | |a Mathey, Kosta. |4 edt | |
| 852 | |a INST |b LESVOS |e 19990913 |h 363.5091724 HOU |p 005100019562 |q 005100019562 |t BK |y 0 | ||
| 901 | |a BIBL1-1999-3 | ||
| 909 | |a Λ |b 062669 | ||
| 922 | |a 1ΕΛΗ |b 199812 |c ΚΠΣ/ΤΓ |d LEADER | ||
| 950 | |a 118-1998-10-19 | ||
| 970 | |z 1999/09/13 |a ΜΟΥΣΤΑΚΑ |b ΠΗΝΕΛΟΠΗ | ||